<?xml version="1.0" encoding="UTF-8"?>
<record
    xmlns:xsi="http://www.w3.org/2001/XMLSchema-instance"
    xsi:schemaLocation="http://www.loc.gov/MARC21/slim http://www.loc.gov/standards/marcxml/schema/MARC21slim.xsd"
    xmlns="http://www.loc.gov/MARC21/slim">

  <leader>01349nam a2200229Ia 4500</leader>
  <controlfield tag="001">a1674-42399 </controlfield>
  <controlfield tag="003">IT-MiCISF</controlfield>
  <controlfield tag="005">20250703122518.0</controlfield>
  <controlfield tag="008">161014s9999||||xx |||||||||||||| ||und||</controlfield>
  <datafield tag="040" ind1=" " ind2=" ">
    <subfield code="a">IT-MiCISF</subfield>
    <subfield code="c">IT-MiCISF</subfield>
  </datafield>
  <datafield tag="041" ind1=" " ind2=" ">
    <subfield code="a">it</subfield>
  </datafield>
  <datafield tag="100" ind1=" " ind2=" ">
    <subfield code="a">Bonetti Renzo</subfield>
    <subfield code="9">56620</subfield>
  </datafield>
  <datafield tag="245" ind1=" " ind2="0">
    <subfield code="a">Famiglia, sorgente di comunione.</subfield>
    <subfield code="b">Nuove catechesi su matrimonio e famiglia</subfield>
  </datafield>
  <datafield tag="260" ind1=" " ind2=" ">
    <subfield code="a">Cinisello Balsamo (MI),</subfield>
    <subfield code="b">San Paolo,</subfield>
    <subfield code="c">2004</subfield>
  </datafield>
  <datafield tag="300" ind1=" " ind2=" ">
    <subfield code="a">pp. 156</subfield>
  </datafield>
  <datafield tag="500" ind1=" " ind2=" ">
    <subfield code="a"> / pastorale-familiare, catechesi, ministero-coniugale, famiglia / </subfield>
  </datafield>
  <datafield tag="520" ind1=" " ind2=" ">
    <subfield code="a">Il volume raccoglie le catechesi dell'A. (ex-direttore dell'Ufficio nazionale per la pastorale familiare) trasmesse tra gennaio e maggio del 2004 su Radio Maria. Questi i titoli, che testimoniano l'originalit&#xE0; e la profondit&#xE0; dell'approccio dell'A. al tema della famiglia: "Di per s&#xE9; la famiglia &#xE8; dono di comunione"; "Il carisma che &#xE8; la coppia"; "In famiglia si vive la complementariet&#xE0;"; "In famiglia si vive la condivisione"; "In famiglia si vive la corresponsabilit&#xE0;"; "In famiglia si vive la compresenza"; "L'Incarnazione di Cristo &#xE8; per gli sposi la "via unitiva"; "La Pasqua di Cristo &#xE8; per gli sposi la "via oblativa"; "La Pentecoste &#xE8; per gli sposi la "via effusiva".</subfield>
  </datafield>
  <datafield tag="650" ind1=" " ind2=" ">
    <subfield code="a">Pastorale-familiare</subfield>
    <subfield code="e">012</subfield>
  </datafield>
  <datafield tag="654" ind1=" " ind2=" ">
    <subfield code="a">sussidio</subfield>
  </datafield>
  <datafield tag="942" ind1=" " ind2=" ">
    <subfield code="c">BK</subfield>
    <subfield code="2">ddc</subfield>
  </datafield>
  <datafield tag="999" ind1=" " ind2=" ">
    <subfield code="c">217535</subfield>
    <subfield code="d">217535</subfield>
  </datafield>
  <datafield tag="999" ind1=" " ind2=" ">
    <subfield code="b">si</subfield>
  </datafield>
  <datafield tag="952" ind1=" " ind2=" ">
    <subfield code="0">0</subfield>
    <subfield code="1">0</subfield>
    <subfield code="4">0</subfield>
    <subfield code="6">A_167442399</subfield>
    <subfield code="7">1</subfield>
    <subfield code="a">CISF</subfield>
    <subfield code="b">CISF</subfield>
    <subfield code="d">2016-10-14</subfield>
    <subfield code="l">0</subfield>
    <subfield code="o">a1674-42399 </subfield>
    <subfield code="r">2016-10-14 00:00:00</subfield>
    <subfield code="w">2016-10-14</subfield>
    <subfield code="y">BK</subfield>
    <subfield code="z">Data import 15.10.2016 / by Epidotti, Vaglietti</subfield>
  </datafield>
</record>
